| 000 | 00919nam0a22002531 4500 | ||
|---|---|---|---|
| 001 | rc\876154 | ||
| 005 | 20250622025246.0 | ||
| 035 | _a(NLR Aleph) 006054161 | ||
| 090 |
_a4838472 _c4838472 |
||
| 100 | _a20041129d1984 |||y0rusy50 ca | ||
| 101 | 0 | _arus | |
| 102 | _aRU | ||
| 105 | _aa ||||||||| | ||
| 200 | 1 |
_aКристаллогенез глинистых минералов _e(Прикл. аспекты) |
|
| 210 |
_aМ. _cНаука _d1984 |
||
| 215 |
_a95 с., 4 л. ил. _cил. _d20 |
||
| 300 | _aВ надзаг.: АН СССР, Ин-т геологии руд. месторождений, петрографии, минералогии и геохимии | ||
| 320 | _aБиблиогр.: с. 86-92 (167 назв.) | ||
| 700 | 1 |
_aЧекин _bС.С. _f1936- _gСергей Сергеевич |
|
| 801 | 0 |
_aRU _bNLR _gpsbo |
|
| 801 | 1 |
_aRU _bELAR _2rusmarc |
|
| 852 |
_aNLR _j84-6/3534 |
||
| 942 | _cBOOK | ||
| 980 | _aNB | ||